Constitution d'Athènes / (Record no. 172607)

MARC details
000 -LEADER
campo de control de longitud fija 01063nam a2200289 i 4500
001 - NÚMERO DE CONTROL
campo de control 172607
003 - IDENTIFICADOR DE NÚMERO DE CONTROL
campo de control ES-MaACL
005 - FECHA Y HORA DE LA ÚLTIMA TRANSACCIÓN
campo de control 20250805063315.0
007 - CAMPO FIJO DE DESCRIPCIÓN FÍSICA--INFORMACIÓN GENERAL
campo de control de longitud fija t|
008 - DATOS DE LONGITUD FIJA--INFORMACIÓN GENERAL
campo de control de longitud fija 090727s1996 fr ||||1| fre d
020 ## - NÚMERO INTERNACIONAL ESTÁNDAR DEL LIBRO
Número Internacional Estándar del Libro 2-251-79901-X
080 ## - NÚMERO DE LA CLASIFICACIÓN DECIMAL UNIVERSAL
Número de la Clasificación Decimal Universal 342.4(38 Atenas)(091)
100 0# - ENTRADA PRINCIPAL--NOMBRE DE PERSONA
Nombre de persona Aristóteles
9 (RLIN) 22861
245 10 - MENCIÓN DEL TÍTULO
Título Constitution d'Athènes /
Mención de responsabilidad, etc. Aristote ; traduit par Georges Mathieu et Bernard Haussoulier... ; introduction et notes de Claude Mossé.
260 ## - PUBLICACIÓN, DISTRIBUCIÓN, ETC.
Lugar de publicación, distribución, etc. Paris :
Nombre del editor, distribuidor, etc. Les Belles Lettres,
Fecha de publicación, distribución, etc. 1996.
300 ## - DESCRIPCIÓN FÍSICA
Extensión XXIV, 182 p. ;
Dimensiones 18 cm.
490 1# - MENCIÓN DE SERIE
Mención de serie Classiques en poche. Bilingue ;
Designación de volumen o secuencia 2
546 ## - NOTA DE IDIOMA
Nota de lengua/lenguaje Texto griego y traducción en francés.
651 #4 - PUNTO DE ACCESO ADICIONAL DE MATERIA--NOMBRE GEOGRÁFICO
Nombre geográfico Atenas-
Subdivisión general Historia.
9 (RLIN) 141118
700 1# - ENTRADA AGREGADA--NOMBRE PERSONAL
Nombre de persona Mathieu, Georges.
9 (RLIN) 79044
700 1# - ENTRADA AGREGADA--NOMBRE PERSONAL
Nombre de persona Mossé, Claude.
9 (RLIN) 193541
700 1# - ENTRADA AGREGADA--NOMBRE PERSONAL
Nombre de persona Haussoullier, Bernard.
9 (RLIN) 141119
740 0# - ENTRADA AGREGADA--TÍTULO RELACIONADO/ANALÍTICO NO CONTROLADO
Título relacionado o analítico no controlado Constitución de los atenienses.
830 0# - PUNTO DE ACCESO ADICIONAL DE SERIE-TÍTULO UNIFORME
Título uniforme Classiques en poche. Bilingue ;
Designación de volumen o secuencia 2
9 (RLIN) 189096
852 4# - LOCALIZACIÓN
Ubicación ES-MaACL
Número de control de estantería E-12898
itemnumber R.139376
Nota libre . - Biblioteca Jacinto Martínez Lacalle
Holdings
Estatus retirado Estado de pérdida Estado de daño No para préstamo Biblioteca de origen Biblioteca actual Ubicación en estantería Fecha de adquisición Fuente de adquisición Total de préstamos Signatura topográfica completa Código de barras Visto por última vez Precio de reemplazo Tipo de ítem Koha
        Biblioteca del Ateneo de Madrid Biblioteca del Ateneo de Madrid Depósito 2 27/07/2009     E-12898 1181136 23/02/2023 23/02/2023 Libro impreso